000 00987nam a22002417a 4500
005 20180215102908.0
010 _a1617EN ENG-117054
020 _a9789386105226
_c295.00
035 _aB-653128-156
035 _aEN-100586
035 _aB-663706
037 _adpl
_bViva
037 _bDBAD/PUB
082 _a302.2310
100 _aLaw, Andy
245 _aImplosion :
_cby Andy Law
_bhow the internet affects culture & communication /
260 _aNew Delhi
_bViva Books
_c2017
270 _a4737/23, Ansari Road, Darya Ganj,
_bNew Delhi
_e110002
300 _a147p. :
_c19cm(pbk)
_bill
942 _2ddc
_cEN
_mLAW
_h302.2310
999 _c102598
_d102598